Language Quiz

Random Language or Latin Quiz
Score 0/10 Timer 03:00
0 Plays Today
Questions Answers % Correct
Dolor, dolorispain
100%
Effundo, - erepour
75%
Sword; ironferrum
62.5%
Cutis, -isskin
50%
Deniqueat last
50%
Haircrinis
37.5%
Figo,- erefix
37.5%
Equidemindeed
25%
Rumourfama
25%
Decus, decorisglory
12.5%
Come Together.
Have Fun.
All Virtual.
We all need to come together. Play Sporcle's virtual live trivia to have fun, connect with people, and get your trivia on. Join a live hosted trivia game for your favorite pub trivia experience done virtually. If a virtual private party is more your thing, go here for details.

You're not logged in!

Compare scores with friends on all Sporcle quizzes.
OR
Log In

Sporcle TV

Today on Sporcle TV


Watch our educational content, quiz creation guides, and fun videos on Sporcle TV.

Show Comments

Extras

Top Quizzes Today


Score Distribution

Paid Content

Your Account Isn't Verified!

In order to create a playlist on Sporcle, you need to verify the email address you used during registration. Go to your Sporcle Settings to finish the process.

Report this User

Report this user for behavior that violates our Community Guidelines.

Details: